| 000 | 00495nam a2200169 a 4500 | ||
|---|---|---|---|
| 005 | 20140412111233.0 | ||
| 008 | 001118s19uu xx 00 eng d | ||
| 020 | _a0-14-036186-3 | ||
| 050 |
_aER _bFo68 1985 |
||
| 100 | _aMarshall, Edward | ||
| 245 |
_aFour on the shore / _cEdward Marshall ; pictures by James Marshall. |
||
| 260 |
_aNew York : _bDial Books for you readers, _c1985. |
||
| 300 | _a48 p. | ||
| 440 | _aDial easy-to-read books | ||
| 650 | _aGhost -- Fiction | ||
| 999 |
_c102261 _d102261 |
||